Interpreting 3 : Internal circulation.

Kaydedildi:
Detaylı Bibliyografya
Yazar: Lê Thị Giao Chi
Materyal Türü: Kitap
Dil:English
Baskı/Yayın Bilgisi: ĐHĐN : ĐHNN., 2019.
Konular:
Etiketler: Etiketle
Etiket eklenmemiş, İlk siz ekleyin!
Thư viện lưu trữ: Mạng thư viện Đại học Đà Nẵng
LEADER 00873nam a22002651a 4500
001 000035867
003 12159
005 20191003142736.0
008 160321s2019 000
041 |a eng 
082 |a 428.1  |b LÊ-C 
100 |a Lê Thị Giao Chi 
245 0 |a Interpreting 3 :  |b Internal circulation. 
260 |a ĐHĐN :  |b ĐHNN.,  |c 2019. 
300 |a 36tr . : ;  |c 30cm. 
650 |a Interpreting 3  |a Phiên dịch 3  |a Internal circulation 
OWN |a LNN 
AVA |a UDN50  |b LNN  |c English  |e available  |t Error 5001 Not defined in file expand_doc_bib_avail.  |f 1  |g 0  |h N  |i 0  |j AN 
999 |a From the UDN01 
AVA |a UDN50  |b LNN  |c English  |e available  |t Error 5001 Not defined in file expand_doc_bib_avail.  |f 1  |g 0  |h N  |i 0  |j AN 
TYP |a Monograph 
980 |a Mạng thư viện Đại học Đà Nẵng